Deutsche Fußballclubs mit 1.FC im Namen - Statistiken

Allgemein
  • Dieses Quiz wurde 113 mal gespielt
  • Das Durchschnittsergebnis liegt bei 6 aus 12
Antwortstatistiken
Hint Antwort % Korrekt
2.BL 1. FC Köln
98%
2.BL 1. FC Nürnberg
85%
2.BL 1. FC Kaiserslautern
74%
1.BL 1. FC Heidenheim
66%
2.BL 1. FC Magdeburg
58%
1.BL 1. FC Union Berlin
53%
3.BL 1. FC Saarbrücken
51%
RL.Bayern 1.FC Schweinfurt
21%
RL.Nord Ost 1. FC Lokomotive Leipzig
19%
RL.West 1. FC Bocholt
17%
RL.West 1. FC Düren
15%
RL.Nord 1.FC Phönix
14%
Keine übereinstimmenden Quizze gefunden
Verteilung der Resultate
Anzahl Personen mit jedem Resultat
Perzentil nach korrekt beantworteten Fragen
Ihre Resultats-Entwicklung
Sie haben dieses Quiz noch nicht gespielt